| 000 | 00403pab a2200157 454500 | ||
|---|---|---|---|
| 008 | 180718b xxu||||| |||| 00| 0 eng d | ||
| 100 | _aLingaraj B.P. | ||
| 245 | _aServices and quality | ||
| 362 | _a18(4), Oct 93, p.207-15 | ||
| 650 | _a Quality Control Management | ||
| 650 | _aManagement | ||
| 700 | _aChary S.N. | ||
| 700 | _aKarim A.P. | ||
| 773 | _aManagement and Labour Studies | ||
| 909 | _a25428 | ||
| 999 |
_c25428 _d25428 |
||